000 00657nam a2200205 a 4500
999 _c2493
_d2493
001 2493
003 BD-JhCC
005 20171102210416.0
008 171102s2002 bg ||||| |||| 00| 0 ben d
035 _a(BD-JhCC)2493
040 _aBD-JhCC
_dBD-JhCC
041 _aben
082 _a891.4409007
_bJAM 2002
100 _aজামান, বদিউজ্
245 _aবাংলা সাহিত্যে শিশু /
_cবদিউজজামান
260 _aঢাকা :
_bবাংলাদেশ এশিয়াটিক সোসাইটি,
_c2002.
300 _a377 p. :
_c24 cm.
650 _aChildren Literature
942 _2ddc
_cBK